00512nam a22001097a 4500008004100000100002300041245006400064260005200128300003600180520013400216773005200350250724b ||||| |||| 00| 0 eng d aFaruqui, Munis D.  aThe ceremonial of power: The Mughal empire under Shah Jahan aThe Indian Economic and Social History Review  a62(2), Apr-Jun, 2025: p.270-272 aHarit Joshi, (Delhi: Primus Books, 2024), 503 pp.- Reproduced https://journals.sagepub.com/doi/full/10.1177/00194646251322476  aThe Indian Economic and Social History Review